Normal view
MARC view
- Woodhead, Ronald W.
Entry Personal Name
001 - CONTROL NUMBER
- control field: 42218
003 - CONTROL NUMBER IDENTIFIER
- control field: NUST
005 - DATE AND TIME OF LATEST TRANSACTION
- control field: 20210314132233.0
008 - FIXED-LENGTH DATA ELEMENTS
- fixed length control field: 210314|| aca||aabn | a|a d
040 ## - CATALOGING SOURCE
- Original cataloging agency: NUST
- Transcribing agency: NUST
100 ## - HEADING--PERSONAL NAME
- Personal name: Woodhead, Ronald W.
670 ## - SOURCE DATA FOUND
- Source citation: Work cat.: (NUST): Antill, James M. 42217, Critical path methods in construction practice, [1970]
